<?xml version="1.0" encoding="UTF-8"?>
<record
    xmlns:xsi="http://www.w3.org/2001/XMLSchema-instance"
    xsi:schemaLocation="http://www.loc.gov/MARC21/slim http://www.loc.gov/standards/marcxml/schema/MARC21slim.xsd"
    xmlns="http://www.loc.gov/MARC21/slim">

  <leader>00679nam a22002297a 4500</leader>
  <controlfield tag="005">20260327092420.0</controlfield>
  <controlfield tag="008">260327b        |||||||| |||| 00| 0 eng d</controlfield>
  <datafield tag="017" ind1=" " ind2=" ">
    <subfield code="a">LD.8110</subfield>
  </datafield>
  <datafield tag="018" ind1=" " ind2=" ">
    <subfield code="a">2025</subfield>
  </datafield>
  <datafield tag="020" ind1=" " ind2=" ">
    <subfield code="a">9789787959459</subfield>
  </datafield>
  <datafield tag="040" ind1=" " ind2=" ">
    <subfield code="a">NLN</subfield>
    <subfield code="b">English</subfield>
    <subfield code="e">AACR2</subfield>
  </datafield>
  <datafield tag="050" ind1=" " ind2=" ">
    <subfield code="a">BS680.C47</subfield>
    <subfield code="b">A259</subfield>
  </datafield>
  <datafield tag="082" ind1=" " ind2=" ">
    <subfield code="a">248.4</subfield>
  </datafield>
  <datafield tag="100" ind1=" " ind2=" ">
    <subfield code="a">AGABA, Romanus </subfield>
    <subfield code="e">aut</subfield>
    <subfield code="9">69642</subfield>
  </datafield>
  <datafield tag="245" ind1=" " ind2=" ">
    <subfield code="a">The Jonathan spirit :</subfield>
    <subfield code="b">the passion for taking and conquering giants /</subfield>
    <subfield code="c">Romanus Agaba</subfield>
  </datafield>
  <datafield tag="260" ind1=" " ind2=" ">
    <subfield code="a">[S.l.] :</subfield>
    <subfield code="b">Upright publishers,</subfield>
    <subfield code="c">2024</subfield>
  </datafield>
  <datafield tag="300" ind1=" " ind2=" ">
    <subfield code="a">iv, 80p. ;</subfield>
    <subfield code="b">14cm.</subfield>
  </datafield>
  <datafield tag="563" ind1=" " ind2=" ">
    <subfield code="a">(pbk.)</subfield>
  </datafield>
  <datafield tag="650" ind1=" " ind2=" ">
    <subfield code="a">Christian life</subfield>
    <subfield code="v">Biblical teaching</subfield>
    <subfield code="9">1749</subfield>
  </datafield>
  <datafield tag="650" ind1=" " ind2=" ">
    <subfield code="a">Jonathan, son of Saul</subfield>
    <subfield code="9">69643</subfield>
  </datafield>
  <datafield tag="942" ind1=" " ind2=" ">
    <subfield code="c">BK</subfield>
    <subfield code="n">0</subfield>
  </datafield>
  <datafield tag="999" ind1=" " ind2=" ">
    <subfield code="c">34211</subfield>
    <subfield code="d">34211</subfield>
  </datafield>
  <datafield tag="952" ind1=" " ind2=" ">
    <subfield code="0">0</subfield>
    <subfield code="1">0</subfield>
    <subfield code="2">lcc</subfield>
    <subfield code="4">0</subfield>
    <subfield code="7">0</subfield>
    <subfield code="a">GOM</subfield>
    <subfield code="b">MAIN</subfield>
    <subfield code="d">2026-03-27</subfield>
    <subfield code="e">Legal deposit</subfield>
    <subfield code="i">466426</subfield>
    <subfield code="l">0</subfield>
    <subfield code="o">BS680.C47 A259</subfield>
    <subfield code="p">466426</subfield>
    <subfield code="r">2026-03-27 09:25:28</subfield>
    <subfield code="t">1</subfield>
    <subfield code="w">2026-03-27</subfield>
    <subfield code="y">BK</subfield>
  </datafield>
  <datafield tag="952" ind1=" " ind2=" ">
    <subfield code="0">0</subfield>
    <subfield code="1">0</subfield>
    <subfield code="2">lcc</subfield>
    <subfield code="4">0</subfield>
    <subfield code="7">0</subfield>
    <subfield code="a">ILO</subfield>
    <subfield code="b">MAIN</subfield>
    <subfield code="d">2026-03-27</subfield>
    <subfield code="e">Legal deposit</subfield>
    <subfield code="i">466425</subfield>
    <subfield code="l">0</subfield>
    <subfield code="o">BS680.C47 A259</subfield>
    <subfield code="p">466425</subfield>
    <subfield code="r">2026-03-27 09:25:58</subfield>
    <subfield code="t">1</subfield>
    <subfield code="w">2026-03-27</subfield>
    <subfield code="y">BK</subfield>
  </datafield>
  <datafield tag="952" ind1=" " ind2=" ">
    <subfield code="0">0</subfield>
    <subfield code="1">0</subfield>
    <subfield code="2">lcc</subfield>
    <subfield code="4">0</subfield>
    <subfield code="7">0</subfield>
    <subfield code="a">LOK</subfield>
    <subfield code="b">MAIN</subfield>
    <subfield code="d">2026-03-27</subfield>
    <subfield code="e">Legal deposit</subfield>
    <subfield code="i">466424</subfield>
    <subfield code="l">0</subfield>
    <subfield code="o">BS680.C47 A259</subfield>
    <subfield code="p">466424</subfield>
    <subfield code="r">2026-03-27 09:26:23</subfield>
    <subfield code="t">1</subfield>
    <subfield code="w">2026-03-27</subfield>
    <subfield code="y">BK</subfield>
  </datafield>
</record>
